Catálogo
 En Linea

Algunas sugestiones sobre la enseñanza acerca de los derechos humanos. (Registro nro. 22581)

Detalles MARC
000 -CABECERA
campo de control de longitud fija 00566nam a2200181 a 4500
001 - NÚMERO DE CONTROL
campo de control 000023084
005 - FECHA Y HORA DE LA ÚLTIMA TRANSACCIÓN
campo de control 20240529114208.0
008 - DATOS DE LONGITUD FIJA--INFORMACIÓN GENERAL
campo de control de longitud fija 101126s1969 fr r 000 0 spa d
040 ## - FUENTE DE LA CATALOGACIÓN
Centro catalogador/agencia de origen DO-SdBNP
Lengua de catalogación spa
Centro/agencia transcriptor BNPHU
082 ## - NÚMERO DE LA CLASIFICACIÓN DECIMAL DEWEY
Número de clasificación xxxxx
Número de documento/Ítem A396s
049 ## - FONDOS LOCALES (OCLC)
Fondos de biblioteca En proceso
245 00 - MENCIÓN DE TÍTULO
Título Algunas sugestiones sobre la enseñanza acerca de los derechos humanos.
260 ## - PUBLICACIÓN, DISTRIBUCIÓN, ETC.
Lugar de publicación, distribución, etc. París :
Nombre del editor, distribuidor, etc. Organización de las Naciones Unidas,
Fecha de publicación, distribución, etc. 1969.
300 ## - DESCRIPCIÓN FÍSICA
Extensión 165 p. ;
Dimensiones 20 cm.
500 ## - NOTA GENERAL
Nota general Incluye notas al pie de las páginas.
590 ## - NOTA LOCAL (RLIN)
Nota local Inventariado, 2019/VM
710 2# - PUNTO DE ACCESO ADICIONAL--NOMBRE DE ENTIDAD CORPORATIVA
Nombre de entidad corporativa o nombre de jurisdicción como elemento de entrada Unesco
9 (RLIN) 19805
Existencias
Estado de retiro Estado de pérdida Restricciones de uso No para préstamo Código de colección Localización permanente Ubicación/localización actual Ubicación en estantería Fecha de adquisición Número de inventario Total de préstamos Signatura topográfica completa Código de barras Fecha visto por última vez Precio válido a partir de Tipo de ítem Koha
        Monografías: Libros y Folletos General General Depósito 26.11.2010 LF1   xxxxx A396s 23084-10 25.06.2020 25.06.2020 Préstamo en sala

Con tecnología Koha